000 00648nam a22001817a 4500
005 20251108164210.0
008 250721s1994 xx 000 0 ara d
082 1 4 _a343.09566/محم
100 1 _aفرحات، محمد نعيم
245 1 0 _aالأحكام التعزيزية لجرائم التزوير و الرشوه في المملكة العربية السعودية :
_bدراسة مقارنة /
264 1 _aالقاهرة :
_bدار النهضه العربيه،
_c1994.
300 _a349ص
650 1 7 _aالقانون الجنائي
650 1 7 _aالتزوير
650 1 7 _aالسعودية
942 _2ddc
_cBK
999 _c6155
_d6155